Cities of Cyrodiil. (ESIV: Oblivion) - Statistics

General Stats
  • This quiz has been taken 129 times
  • The average score is 8 of 9
Answer Stats
Hint Answer % Correct
Capital of Cyrodiil Imperial City
96%
Harbour city on Gold Coast Anvil
94%
Snowy, Northern city Bruma
91%
Ruined city Kvatch
89%
Swamp-like town on Niben Bay Bravil
82%
"What is the colour of the night?" Cheydinhal
81%
Wine city, lots of vineyards Skingrad
79%
A Great Oak tree can be found here Chorrol
77%
Located between Elsweyr and Black Marsh Leyawiin
73%
No matching quizzes found
Score Distribution
Percent of People with Each Score
Percentile by Number Answered
Your Score History
You have not taken this quiz